| 000 | 00368 a2200145 4500 | ||
|---|---|---|---|
| 999 |
_c8318 _d8318 |
||
| 020 | _a9781886910713 | ||
| 050 | _aPZ7MOE2001 | ||
| 100 |
_aMoeyaert , Bart _eauthor |
||
| 245 |
_aIt's love we don't understand / _cBart Moeyaert |
||
| 264 |
_aNetherlands: _bFront Street, _c2001 |
||
| 300 | _a127p. : | ||
| 500 | _anovel | ||
| 650 | _anovel | ||
| 942 |
_2lcc _cBK _h7 _iMOE _kPZ |
||